Degenerate principal series for symplectic and odd-orthogonal groups
Uloženo v:
| Hlavní autor: | |
|---|---|
| Médium: | Kniha |
| Jazyk: | angličtina |
| Vydáno: |
Providence
American Mathematical Society
1996
|
| Edice: | Memoirs of the American Mathematical Society, 590
|
| Témata: | |
| Tagy: |
Přidat tag
Žádné tagy, Buďte první, kdo vytvoří štítek k tomuto záznamu!
|
MARC
| LEADER | 00000nam a2200000 a 4500 | ||
|---|---|---|---|
| 001 | UCM7017 | ||
| 003 | CL-VaPUC | ||
| 008 | 021129e19960000US |||||||||||||||||eng|d | ||
| 082 | 0 | 4 | |a 512.74 |b JAN |2 21 |
| 100 | 0 | |a Jantzen, Chris |e author |9 472742 | |
| 245 | 1 | 0 | |a Degenerate principal series for symplectic and odd-orthogonal groups |
| 300 | |a 100 p | ||
| 942 | |c BK | ||
| 945 | |d 20021129 00:00:00 |a vberengu | ||
| 260 | |a Providence |b American Mathematical Society |c 1996 | ||
| 650 | 7 | |a CAMPOS |2 CL-VaPUC |9 422158 | |
| 650 | 0 | |a Representaciones de grupos |9 417402 | |
| 583 | |a last modification |c 20130422 12:38:18 |k Rodrigo Vera | ||
| 490 | 0 | |a Memoirs of the American Mathematical Society, 590 | |
| 999 | |c 302052 |d 302050 | ||
| 952 | |0 0 |1 0 |4 0 |6 512_740000000000000_JAN_1996 |7 0 |8 A |9 362043 |a BIBMAT |b BIBMAT |d 2019-11-21 |i 3866793 |o 512.74 JAN 1996 |p 3866793 |r 2025-01-07 |w 2019-11-21 |y BK |k MAT | ||